[Event "Corumba IRT Benedito"]
[Site "Corumba"]
[Date "2018.09.08"]
[Round "2.5"]
[White "De Souza, Luiz Alberto Rodrig"]
[Black "Senna, Vinicius Furtado"]
[Result "1-0"]
[WhiteElo "1829"]
[BlackElo "1751"]
[PlyCount "115"]
[EventDate "2018.09.07"]
[EventType "swiss"]
[EventRounds "5"]
[EventCountry "BRA"]
[SourceTitle "EXT 2022"]
[Source "ChessBase"]
[SourceDate "2021.10.06"]
[SourceVersion "1"]
[SourceVersionDate "2021.10.06"]
[SourceQuality "1"]

1. e4 e5 2. Nf3 Nc6 3. Bb5 Nf6 4. d3 d6 5. 0-0 h6 6. c3 a6 7. Ba4 b5 8. Bc2 Bg4 9. Be3 Be7 10. Nbd2 0-0 11. d4 Nd7 12. h3 Bh5 13. Re1 Bg5 14. Nf1 Kh8 15. Ng3 Bg6 16. Nxg5 hxg5 17. Qg4 Nf6 18. Qxg5 Nh7 19. Qg4 Nf6 20. Qf3 Kh7 21. Rad1 Qe8 22. Bg5 Ng8 23. Qg4 Nh6 24. Qh4 Rh8 25. Bxh6 gxh6 26. Nf5 h5 27. g4 Qd8 28. Qg3 Qg5 29. f3 Kg8 30. h4 Qf4 31. Qxf4 exf4 32. g5 Re8 33. Kf2 Ne7 34. Nh6+ Kg7 35. Bb3 f6 36. c4 fxg5 37. hxg5 Ng8 38. Nf5+ Kf8 39. Nh4 Ne7 40. c5 Kg7 41. cxd6 cxd6 42. Be6 Nc6 43. Bh3 Re7 44. Rd2 Rhe8 45. Rc1 Na5 46. b3 b4 47. Rdc2 d5 48. Rc5 dxe4 49. Rxa5 e3+ 50. Ke2 Rd8 51. d5 Be8 52. Nf5+ Kf8 53. Nxe7 Bb5+ 54. Rxb5 axb5 55. Rc7 Rd6 56. Be6 Ke8 57. Nf5 Rd8 58. Rf7 1-0

[Event "Corumba De Aragao Memorial"]
[Site "Corumba"]
[Date "2018.08.30"]
[Round "9"]
[White "De Souza, Luiz Alberto Rodrig"]
[Black "Arruda, Linneker Anez"]
[Result "0-1"]
[WhiteElo "1829"]
[BlackElo "1889"]
[PlyCount "84"]
[EventDate "2018.08.09"]
[EventType "tourn"]
[EventRounds "10"]
[EventCountry "BRA"]
[SourceTitle "CBM 187 Extra"]
[Source "ChessBase"]
[SourceDate "2018.11.04"]
[SourceVersion "1"]
[SourceVersionDate "2018.11.04"]
[SourceQuality "1"]

1. e4 g6 2. d4 Bg7 3. Nc3 d6 4. Bg5 c5 5. Nge2 cxd4 6. Nxd4 Nc6 7. Be3 Nf6 8. f3 0-0 9. Qd2 Nxd4 10. Bxd4 Be6 11. g4 Qa5 12. h4 b5 13. a3 b4 14. Na2 Bxa2 15. axb4 Qa4 16. Bc4 Qc6 17. Bxa2 Nxe4 18. Qe3 Bxd4 19. Qxd4 Ng3 20. Rh3 Qxf3 21. Qf2 Qe4+ 22. Kd2 Qxb4+ 23. Kc1 Ne4 24. Qe2 Nf6 25. g5 Nh5 26. Rh2 e5 27. c3 Rac8 28. Bb1 Rxc3+ 29. Bc2 Rc7 30. Kb1 Rfc8 31. Ra4 Qb6 32. Bd1 Qg1 33. Ka2 Rc1 34. Bc2 Ra1+ 35. Kb3 Rxa4 36. Kxa4 Qa1+ 37. Kb3 Rb8+ 38. Kc4 d5+ 39. Kc5 Qa5+ 40. Kd6 Rd8+ 41. Kxe5 d4+ 42. Ke4 Qf5# 0-1

[Event "Corumba De Aragao Memorial"]
[Site "Corumba"]
[Date "2018.08.23"]
[Round "6"]
[White "De Souza, Luiz Alberto Rodrig"]
[Black "Lopes, Marcos Lazaro Dos S"]
[Result "1-0"]
[WhiteElo "1829"]
[BlackElo "1920"]
[PlyCount "129"]
[EventDate "2018.08.09"]
[EventType "tourn"]
[EventRounds "10"]
[EventCountry "BRA"]
[SourceTitle "CBM 187 Extra"]
[Source "ChessBase"]
[SourceDate "2018.11.04"]
[SourceVersion "1"]
[SourceVersionDate "2018.11.04"]
[SourceQuality "1"]

1. e4 e5 2. Nf3 d6 3. d4 exd4 4. Nxd4 Nf6 5. Nc3 Be7 6. Be2 0-0 7. Be3 Nc6 8. 0-0 Re8 9. f4 Bf8 10. Bf3 Nxd4 11. Bxd4 c5 12. Bf2 Nd7 13. Qd2 Nb6 14. Rad1 Nc4 15. Qc1 Qc7 16. b3 Nb6 17. a4 a6 18. Qd2 Bd7 19. a5 Nc8 20. Nd5 Qb8 21. Rfe1 Bc6 22. Bg3 b5 23. e5 Qb7 24. c4 dxe5 25. fxe5 Ra7 26. Qg5 Kh8 27. Be4 Ne7 28. Qh5 g6 29. Qf3 Ng8 30. h4 Bg7 31. Bb1 bxc4 32. bxc4 Ba4 33. Rc1 f5 34. h5 Bc6 35. Rcd1 Qf7 36. hxg6 hxg6 37. Qa3 Bf8 38. Bf2 Bg7 39. Bxc5 Bxe5 40. Qh3+ Kg7 41. Bxa7 Qxa7+ 42. Kf1 Qc5 43. Qd3 Bh2 44. Qd4+ Qxd4 45. Rxd4 Rb8 46. Nb6 Bc7 47. c5 Rf8 48. Ba2 Bb5+ 49. Kg1 Bg3 50. Re6 Nf6 51. c6 Ng4 52. Rd7+ Kh6 53. Bc4 Kg5 54. Bxb5 axb5 55. c7 Rh8 56. Rd8 Bf2+ 57. Kf1 Rh1+ 58. Ke2 Re1+ 59. Kd2 Rxe6 60. c8Q Be1+ 61. Kc1 Re4 62. a6 Ba5 63. Qc6 Re1+ 64. Rd1 Ne5 65. Qxb5 1-0

[Event "Corumba De Aragao Memorial"]
[Site "Corumba"]
[Date "2018.08.09"]
[Round "1"]
[White "Lopes, Marcos Lazaro Dos S"]
[Black "De Souza, Luiz Alberto Rodrig"]
[Result "1-0"]
[WhiteElo "1920"]
[BlackElo "1829"]
[PlyCount "65"]
[EventDate "2018.08.09"]
[EventType "tourn"]
[EventRounds "10"]
[EventCountry "BRA"]
[SourceTitle "CBM 187 Extra"]
[Source "ChessBase"]
[SourceDate "2018.11.04"]
[SourceVersion "1"]
[SourceVersionDate "2018.11.04"]
[SourceQuality "1"]

1. d4 Nf6 2. Nf3 d5 3. Bf4 Bf5 4. Nbd2 h6 5. c4 e6 6. Qb3 b6 7. e3 Bd6 8. Ne5 0-0 9. Be2 a5 10. a4 Na6 11. 0-0 Nb4 12. Rac1 c5 13. g4 Bh7 14. g5 Ne4 15. Nxe4 Bxe4 16. gxh6 g5 17. Bg3 f6 18. Nf3 Kh7 19. Nd2 Bg6 20. Rfd1 f5 21. f4 Qc7 22. Kf1 cxd4 23. cxd5 Qb8 24. Nf3 gxf4 25. exf4 Bxf4 26. Ng5+ Kxh6 27. Bxf4 e5 28. Ne6+ Kh7 29. Qh3+ Kg8 30. Qh6 Ra7 31. Qxg6+ Kh8 32. Rc7 Rxc7 33. Bxe5+ 1-0

[Event "Corumba Rodrigues de Souza Memorial 2nd"]
[Site "Corumba"]
[Date "2018.06.30"]
[Round "1.2"]
[White "Arruda, Linneker Anez"]
[Black "De Souza, Luiz Alberto Rodrig"]
[Result "1/2-1/2"]
[WhiteElo "1913"]
[BlackElo "1841"]
[PlyCount "101"]
[EventDate "2018.06.28"]
[EventType "tourn"]
[EventRounds "9"]
[EventCountry "BRA"]
[SourceTitle "EXT 2022"]
[Source "ChessBase"]
[SourceDate "2021.10.06"]
[SourceVersion "1"]
[SourceVersionDate "2021.10.06"]
[SourceQuality "1"]

1. e4 e5 2. Nf3 Nc6 3. Bb5 f5 4. Nc3 fxe4 5. Nxe4 Nf6 6. Qe2 d5 7. Nxf6+ Qxf6 8. Qxe5+ Be7 9. 0-0 0-0 10. Qxf6 Bxf6 11. Bxc6 bxc6 12. d4 Rb8 13. Rb1 Bf5 14. b3 Bxc2 15. Rb2 Be4 16. Be3 Bxf3 17. gxf3 c5 18. Rd2 cxd4 19. Bxd4 Bxd4 20. Rxd4 c6 21. Rc1 Rf6 22. Kg2 Kf7 23. Rc5 Ke7 24. Ra5 Rb7 25. Rda4 Kd6 26. Rxa7 Rxa7 27. Rxa7 Rg6+ 28. Kf1 d4 29. Ke2 Rg5 30. Kd3 c5 31. b4 cxb4 32. Kxd4 h5 33. Ra6+ Kc7 34. Ra4 Rf5 35. Ke4 Rb5 36. Kd4 Rf5 37. Rxb4 Rxf3 38. Rb2 g5 39. Ke4 g4 40. a4 Rc3 41. Rb4 Kc6 42. Kf4 Rf3+ 43. Kg5 Rh3 44. Kf4 Rxh2 45. Kg3 Rh3+ 46. Kg2 Ra3 47. Rb5 h4 48. Rb4 h3+ 49. Kh2 Rf3 50. Rxg4 Kb6 51. Kg1 1/2-1/2

[Event "Campo Grande op"]
[Site "Campo Grande"]
[Date "2013.10.12"]
[Round "4"]
[White "Lopes, Marcos Lazaro Dos S"]
[Black "De Souza, Luiz Alberto Rodrig"]
[Result "0-1"]
[WhiteElo "1937"]
[BlackElo "1885"]
[PlyCount "86"]
[EventDate "2013.10.11"]
[EventType "swiss"]
[EventRounds "5"]
[EventCountry "BRA"]
[SourceTitle "EXT 2014"]
[Source "ChessBase"]
[SourceDate "2013.11.20"]
[SourceVersion "1"]
[SourceVersionDate "2013.11.20"]
[SourceQuality "1"]

1. f4 Nf6 2. Nf3 g6 3. g3 Bg7 4. Bg2 d6 5. 0-0 0-0 6. d3 c5 7. e4 Nc6 8. c3 Qc7 9. Na3 a6 10. Nc2 Rb8 11. Qe1 b5 12. Bd2 Bd7 13. h3 h6 14. g4 Nh7 15. Ne3 Qc8 16. Qg3 e6 17. h4 f5 18. h5 g5 19. exf5 exf5 20. gxf5 gxf4 21. Qxf4 Ne5 22. Nh4 Nf6 23. Nd5 Qe8 24. Nxf6+ Rxf6 25. d4 Nd3 26. Bd5+ Kh7 27. Qf3 c4 28. b3 Qc8 29. Qh3 Bc6 30. Be6 Bd7 31. d5 Qd8 32. Be3 Be8 33. Ng6 Ne5 34. Bd4 Bxg6 35. hxg6+ Kh8 36. Rf4 Rxe6 37. Rh4 Qg5+ 38. Kh1 Rf6 39. Be3 Qxf5 40. Rxh6+ Kg8 41. Rh8+ Bxh8 42. Qh7+ Kf8 43. Qxh8+ Ke7 0-1